[Event "Mondariz IM"]
[Site "Mondariz"]
[Date "2016.08.29"]
[Round "8"]
[White "Outerelo Ucha, Manuel"]
[Black "De Sousa da Silva, Armando"]
[Result "1/2-1/2"]
[WhiteElo "2162"]
[BlackElo "1973"]
[PlyCount "57"]
[EventDate "2016.08.25"]
[EventType "tourn"]
[EventRounds "9"]
[EventCountry "ESP"]
[EventCategory "1"]
[SourceTitle "CBM 174 Extra"]
[Source "ChessBase"]
[SourceDate "2016.10.10"]
[SourceVersion "1"]
[SourceVersionDate "2016.10.10"]
[SourceQuality "1"]

1. e4 g6 2. d4 Bg7 3. Nc3 c5 4. dxc5 Bxc3+ 5. bxc3 Qa5 6. Nf3 Qxc3+ 7. Bd2 Qxc5 8. Bd3 Nf6 9. Rb1 Qc7 10. 0-0 d6 11. h3 Be6 12. c4 Nbd7 13. Nd4 Nc5 14. Nxe6 fxe6 15. Bh6 Nxd3 16. Qxd3 Nd7 17. e5 Nxe5 18. Qe3 Nf7 19. Bg7 Rg8 20. Bd4 e5 21. Bxa7 g5 22. Rfc1 Rg6 23. Bb6 Qc6 24. Qb3 Ra6 25. Be3 Nd8 26. Qd1 Ne6 27. Qd5 Nd8 28. Qd1 Ne6 29. Qd5 1/2-1/2

[Event "Mondariz Balneario op 9th"]
[Site "Mondariz"]
[Date "2009.12.28"]
[Round "4"]
[White "Silva, Luis Neves Da"]
[Black "Outerelo Ucha, Manuel"]
[Result "0-1"]
[WhiteElo "1706"]
[BlackElo "2150"]
[PlyCount "186"]
[EventDate "2009.12.26"]
[EventType "swiss"]
[EventRounds "7"]
[EventCountry "ESP"]
[SourceTitle "CBM 134 Extra"]
[Source "ChessBase"]
[SourceDate "2010.03.03"]
[SourceVersion "1"]
[SourceVersionDate "2010.03.03"]
[SourceQuality "1"]

1. d4 Nf6 2. Bg5 Ne4 3. Bf4 d5 4. e3 c5 5. c3 Nc6 6. Nd2 Nxd2 7. Qxd2 cxd4 8. exd4 Bf5 9. Nf3 e6 10. Bd3 Bxd3 11. Qxd3 Bd6 12. Bxd6 Qxd6 13. 0-0 f6 14. Rfe1 0-0 15. Re3 Rae8 16. Rae1 Re7 17. Qe2 Rfe8 18. Nh4 Qf4 19. g3 Qd6 20. f4 g6 21. Qg4 Qd7 22. Nf3 Nd8 23. h4 Rg7 24. R1e2 Qa4 25. a3 Qd1+ 26. Kg2 Qb1 27. Nh2 Qf5 28. Qf3 h5 29. Nf1 Nf7 30. Re1 Nh6 31. Nh2 Rge7 32. Qe2 Ng4 33. Nxg4 hxg4 34. Qd3 Qxd3 35. Rxd3 Kf7 36. Rde3 b5 37. Rh1 Rh8 38. Kf2 a5 39. Ke2 Rb7 40. Kd2 b4 41. cxb4 axb4 42. Rb3 Rc8 43. a4 Ra8 44. Ra1 Ra5 45. Kd3 Ke7 46. Kd2 Kd7 47. Kd3 Ra6 48. a5 Rb5 49. Ra4 Rbxa5 50. Raxb4 Rc6 51. Rb7+ Rc7 52. Rb8 Ra1 53. Rg8 Rg1 54. Kd2 Rg2+ 55. Kd1 Rg1+ 56. Kd2 Rg2+ 57. Kd1 Rc4 58. Rg7+ Kc6 59. Rc3 Rxc3 60. bxc3 f5 61. Rxg6 Kd6 62. h5 Rxg3 63. h6 Rxc3 64. h7 Rh3 65. Rg7 Rh2 66. Ke1 g3 67. Kf1 Kc6 68. Re7 Kb5 69. Rxe6 Rxh7 70. Kg2 Kc4 71. Re5 Rh5 72. Kxg3 Kxd4 73. Re8 Kd3 74. Rg8 Rh1 75. Kg2 Rh7 76. Kf3 Rh3+ 77. Kg2 Rh7 78. Kf3 d4 79. Rf8 Rh3+ 80. Kg2 Rh5 81. Kf3 Kd2 82. Rd8 d3 83. Rd5 Kc2 84. Kg2 d2 85. Rc5+ Kd3 86. Rd5+ Ke3 87. Rd8 Rh7 88. Re8+ Kxf4 89. Rd8 Ke3 90. Re8+ Kd3 91. Rd8+ Ke2 92. Re8+ Kd1 93. Kf2 Rc7 0-1

[Event "Burgas op 17th"]
[Site "Ourense"]
[Date "2008.07.04"]
[Round "2"]
[White "Outerelo Ucha, Manuel"]
[Black "Paunovic, Dragan"]
[Result "0-1"]
[WhiteElo "2218"]
[BlackElo "2539"]
[PlyCount "58"]
[EventDate "2008.07.03"]
[EventType "swiss"]
[EventRounds "9"]
[EventCountry "ESP"]
[SourceTitle "CBM 125 Extra"]
[Source "ChessBase"]
[SourceDate "2008.09.01"]
[SourceVersion "1"]
[SourceVersionDate "2008.09.01"]
[SourceQuality "1"]

1. e4 c5 2. Nf3 e6 3. d4 cxd4 4. Nxd4 a6 5. c4 Nf6 6. Nc3 Bb4 7. Qc2 Qc7 8. a3 Bc5 9. Nb3 Ba7 10. c5 b6 11. cxb6 Bxb6 12. Bg5 Bb7 13. Rc1 d6 14. Bxf6 gxf6 15. Qd2 Nc6 16. Bd3 Qe7 17. 0-0 Rg8 18. Kh1 Ne5 19. Na4 Bd8 20. Bb1 f5 21. f3 fxe4 22. Bxe4 Bxe4 23. fxe4 Qb7 24. Qc2 Bg5 25. Rb1 Rc8 26. Na5 Rxc2 27. Nxb7 Ke7 28. b4 Be3 29. Rb2 Rgxg2 0-1

[Event "Burgas op 16th"]
[Site "Ourense"]
[Date "2007.07.13"]
[Round "9.17"]
[White "Lozano Sanchez, Jose Antonio"]
[Black "Outerelo Ucha, Manuel"]
[Result "0-1"]
[WhiteElo "1926"]
[BlackElo "2183"]
[PlyCount "124"]
[EventDate "2007.07.05"]
[EventType "swiss"]
[EventRounds "9"]
[EventCountry "ESP"]
[SourceTitle "EXT 2008"]
[Source "ChessBase"]
[SourceDate "2007.11.25"]
[SourceVersion "1"]
[SourceVersionDate "2007.11.25"]
[SourceQuality "1"]

1. e4 e5 2. Nf3 Nc6 3. Bc4 Nf6 4. d3 Bc5 5. Nc3 d6 6. h3 h6 7. Na4 Bb6 8. Nxb6 axb6 9. a3 Be6 10. Ba2 Bxa2 11. Rxa2 d5 12. exd5 Qxd5 13. Ra1 0-0-0 14. Be3 e4 15. dxe4 Qxe4 16. Qe2 Rhe8 17. 0-0 Nd5 18. Rfe1 Nf4 19. Qf1 Nxh3+ 20. Kh2 Qg4 21. Qb5 Nf4 22. Bxf4 Qxf4+ 23. Kg1 Qf6 24. Rxe8 Rxe8 25. Rd1 Rd8 26. Re1 g6 27. Kf1 h5 28. c3 Qf4 29. Qg5 Qxg5 30. Nxg5 Rf8 31. Nh7 Rh8 32. Nf6 Rd8 33. f4 Rd6 34. Re8+ Nd8 35. Ne4 Re6 36. Rxe6 Nxe6 37. g3 Kd8 38. Kf2 Ke7 39. Ke3 Nc5 40. Nf2 Ke6 41. b4 Nd7 42. Ne4 f6 43. c4 Kf5 44. Kf3 g5 45. Nf2 g4+ 46. Ke3 Nf8 47. Ne4 Ne6 48. a4 Kg6 49. Nd2 f5 50. Nb3 h4 51. gxh4 Kh5 52. Nc1 Kxh4 53. Ne2 c5 54. b5 g3 55. Kf3 Nd4+ 56. Nxd4 cxd4 57. c5 bxc5 58. a5 d3 59. a6 d2 60. Ke2 bxa6 61. b6 g2 62. b7 d1Q+ 0-1

[Event "Burgas op 16th"]
[Site "Ourense"]
[Date "2007.07.12"]
[Round "8.14"]
[White "Stanoev, Atanas"]
[Black "Outerelo Ucha, Manuel"]
[Result "1/2-1/2"]
[WhiteElo "1953"]
[BlackElo "2183"]
[PlyCount "81"]
[EventDate "2007.07.05"]
[EventType "swiss"]
[EventRounds "9"]
[EventCountry "ESP"]
[SourceTitle "EXT 2008"]
[Source "ChessBase"]
[SourceDate "2007.11.25"]
[SourceVersion "1"]
[SourceVersionDate "2007.11.25"]
[SourceQuality "1"]

1. d4 Nf6 2. c4 c5 3. d5 e6 4. Nc3 exd5 5. cxd5 d6 6. e4 g6 7. Nf3 Bg7 8. h3 0-0 9. Bd3 b5 10. Bxb5 Nxe4 11. Nxe4 Qa5+ 12. Nfd2 Qxb5 13. Nxd6 Qa6 14. N2c4 Nd7 15. 0-0 Nb6 16. Nxb6 Qxb6 17. Nxc8 Raxc8 18. Rb1 Rfd8 19. Bf4 Qb7 20. d6 Bf8 21. Qd2 Bxd6 22. Bxd6 Rc6 23. Rfd1 Qa6 24. a3 Rcxd6 25. Qc2 Rd4 26. Rbc1 Rxd1+ 27. Rxd1 Rxd1+ 28. Qxd1 Qa5 29. Qe2 Qd8 30. Qa6 Qd1+ 31. Kh2 Qd7 32. Qe2 Qc7+ 33. Kg1 Qd8 34. Qe5 Qb6 35. Kh1 c4 36. Kg1 Qb3 37. Kh2 a5 38. Qc3 Qb8+ 39. Kg1 Qb5 40. Kh1 Qd5 41. Kg1 1/2-1/2

[Event "Burgas op 12th"]
[Site "Burgas"]
[Date "2003.07.06"]
[Round "2"]
[White "Outerelo Ucha, Manuel"]
[Black "Astasio Lopez, David"]
[Result "1-0"]
[WhiteElo "2254"]
[BlackElo "2015"]
[PlyCount "133"]
[EventDate "2003.07.??"]
[EventType "swiss"]
[EventRounds "9"]
[EventCountry "ESP"]
[SourceTitle "EXT 2005"]
[Source "ChessBase"]
[SourceDate "2004.11.15"]
[SourceVersion "1"]
[SourceVersionDate "2004.11.15"]
[SourceQuality "1"]

1. e4 c5 2. Nf3 e6 3. d4 cxd4 4. Nxd4 Nf6 5. Nd2 Nc6 6. Nxc6 bxc6 7. Bd3 d5 8. 0-0 Be7 9. Qe2 0-0 10. c4 Bb7 11. b3 d4 12. f4 Nd7 13. e5 c5 14. Ne4 Re8 15. Rf3 Nf8 16. Rh3 g6 17. Bd2 a5 18. a4 Rb8 19. Rb1 Ba8 20. Qe1 Rb7 21. Bxa5 Qb8 22. Bc2 Rd7 23. Bd2 Red8 24. Bd3 Qb7 25. Qe2 Qc6 26. Be1 Qb6 27. Nd2 Bb7 28. Rb2 Bc6 29. Rb1 Bb7 30. Nf3 Bc6 31. Bd2 Bb7 32. Ne1 Bc6 33. Bc2 Bb7 34. Nd3 Qc6 35. Re1 Qb6 36. Nc1 Qc7 37. Be4 Ba6 38. Rd3 Bc8 39. Qf3 Bb7 40. Bxb7 Qxb7 41. Re4 Qc6 42. Re2 Qxf3 43. Rxf3 Rc7 44. Ba5 Rdc8 45. Bxc7 Rxc7 46. Ra2 Nd7 47. Kf1 Nb8 48. Ke2 Ra7 49. Kd3 Bd8 50. Ke4 Ba5 51. g4 Nd7 52. Rg2 Rb7 53. h4 Nf8 54. h5 Bc3 55. Kd3 Nd7 56. Kc2 Nb6 57. Nd3 Rc7 58. Rh2 Nd7 59. Rfh3 Nf8 60. Nf2 Ba5 61. Ne4 Kg7 62. Nf6 Kh8 63. hxg6 fxg6 64. f5 gxf5 65. gxf5 exf5 66. e6 Re7 67. Rg3 1-0

[Event "Galicia-ch Absoluto"]
[Site "Mondariz"]
[Date "2003.04.17"]
[Round "6.2"]
[White "Outerelo Ucha, Manuel"]
[Black "Sanchez Aller, Fernando"]
[Result "1-0"]
[WhiteElo "2227"]
[BlackElo "2262"]
[PlyCount "121"]
[EventDate "2003.04.12"]
[EventType "swiss"]
[EventRounds "9"]
[EventCountry "ESP"]
[SourceTitle "EXT 2004"]
[Source "ChessBase"]
[SourceDate "2003.11.25"]
[SourceVersion "1"]
[SourceVersionDate "2003.11.25"]
[SourceQuality "1"]

1. e4 e5 2. Nf3 Nc6 3. Nc3 Nf6 4. Be2 d5 5. exd5 Nxd5 6. d3 Be7 7. 0-0 0-0 8. Bd2 Nb6 9. Re1 f5 10. Bf1 Bf6 11. a4 a6 12. a5 Nd5 13. g3 Nde7 14. Bg2 h6 15. Na4 g5 16. Bc3 Ng6 17. Nd2 g4 18. Nc4 Re8 19. Nc5 h5 20. b4 Rb8 21. Nxa6 bxa6 22. Bxc6 Bb7 23. Bxb7 Rxb7 24. f4 c6 25. fxe5 Be7 26. Qd2 Bg5 27. Qg2 Rc7 28. Nd6 Rf8 29. d4 Kh7 30. Bd2 Be7 31. c3 Bxd6 32. exd6 Qxd6 33. Re2 h4 34. Rae1 h3 35. Qf2 f4 36. Bxf4 Nxf4 37. gxf4 Rxf4 38. Qh4+ Kg8 39. Re8+ Rf8 40. Rxf8+ Qxf8 41. Re4 Rg7 42. Qh5 Rf7 43. Rxg4+ Rg7 44. Qxh3 Qe8 45. Rxg7+ Kxg7 46. Qg4+ Kh6 47. Qf4+ Kh7 48. Qf5+ Kh6 49. Kf2 Qd8 50. Qf4+ Kg6 51. h4 Qd7 52. Qg5+ Kf7 53. h5 Qh3 54. Qg3 Qd7 55. Qg6+ Kf8 56. h6 Qh3 57. Qg7+ Ke8 58. h7 Qh2+ 59. Ke3 Qh3+ 60. Kd2 Qh2+ 61. Kd3 1-0

[Event "Aceimar op 9th"]
[Site "Mondariz"]
[Date "2002.12.30"]
[Round "5.8"]
[White "Minero Pineda, Sergio"]
[Black "Outerelo Ucha, Manuel"]
[Result "1-0"]
[WhiteElo "2396"]
[BlackElo "2229"]
[PlyCount "79"]
[EventDate "2002.12.26"]
[EventType "swiss"]
[EventRounds "9"]
[EventCountry "ESP"]
[SourceTitle "EXT 2004"]
[Source "ChessBase"]
[SourceDate "2003.11.25"]
[SourceVersion "1"]
[SourceVersionDate "2003.11.25"]
[SourceQuality "1"]

1. Nf3 c5 2. c4 Nf6 3. g3 g6 4. Bg2 Nc6 5. Nc3 Bg7 6. d4 cxd4 7. Nxd4 Nxd4 8. Qxd4 0-0 9. 0-0 d6 10. Qd3 a6 11. Bd2 Rb8 12. Rac1 b5 13. cxb5 axb5 14. Nxb5 Bf5 15. e4 Nxe4 16. Bxe4 Bxe4 17. Qxe4 Rxb5 18. b4 Re5 19. Qc6 Re2 20. Rfd1 d5 21. b5 e6 22. Kf1 Re4 23. Be3 Qf6 24. Kg2 Qf5 25. b6 h5 26. h4 Be5 27. Qc2 Rb8 28. Bc5 Qg4 29. Re1 Bf4 30. Rxe4 dxe4 31. Re1 e3 32. Qe4 exf2 33. Bxf2 Bd6 34. Qxg4 hxg4 35. Rd1 Be5 36. Rd7 Ra8 37. Ra7 Rd8 38. Ra5 f6 39. b7 Rb8 40. Rb5 1-0

[Event "Poio op 2nd"]
[Site "Poio"]
[Date "2002.09.02"]
[Round "3.3"]
[White "Outerelo Ucha, Manuel"]
[Black "Barlov, Dragan"]
[Result "0-1"]
[WhiteElo "2181"]
[BlackElo "2422"]
[PlyCount "60"]
[EventDate "2002.08.31"]
[EventType "swiss"]
[EventRounds "9"]
[EventCountry "ESP"]
[SourceTitle "CBM 090 Extra"]
[Source "ChessBase"]
[SourceDate "2002.11.07"]
[SourceVersion "1"]
[SourceVersionDate "2002.11.07"]
[SourceQuality "1"]

1. e4 c5 2. Nf3 e6 3. d4 cxd4 4. Nxd4 a6 5. Nc3 Ne7 6. Be2 Nbc6 7. 0-0 d6 8. Be3 b5 9. f4 Nxd4 10. Qxd4 Nc6 11. Qd2 Be7 12. a4 b4 13. Nd1 0-0 14. a5 Nxa5 15. Qxb4 Nc6 16. Qd2 Qc7 17. Nf2 Rd8 18. c4 Rb8 19. Ng4 f5 20. exf5 exf5 21. Nf2 Bf6 22. Nd1 Re8 23. Bf2 Nb4 24. Nc3 Be6 25. Rad1 Bxc4 26. Bxc4+ Qxc4 27. Qxd6 Red8 28. Qc5 Qxc5 29. Bxc5 Nd3 30. Ba3 Bd4+ 0-1

[Event "Peregrina op 18th"]
[Site "Pontevedra"]
[Date "2002.08.20"]
[Round "8.8"]
[White "Outerelo Ucha, Manuel"]
[Black "Wohl, Aleksandar H"]
[Result "0-1"]
[WhiteElo "2181"]
[BlackElo "2419"]
[PlyCount "102"]
[EventDate "2002.08.13"]
[EventType "swiss"]
[EventRounds "9"]
[EventCountry "ESP"]
[SourceTitle "EXT 2003"]
[Source "ChessBase"]
[SourceDate "2002.11.25"]
[SourceVersion "1"]
[SourceVersionDate "2002.11.25"]
[SourceQuality "1"]

1. e4 c5 2. Nf3 Nc6 3. d4 cxd4 4. Nxd4 Qc7 5. Nb5 Qb8 6. c4 Nf6 7. N1c3 a6 8. Na3 e6 9. Bd3 Bd6 10. Be3 b6 11. h3 Bc5 12. Nc2 Bb7 13. 0-0 0-0 14. f4 d6 15. Kh1 Bxe3 16. Nxe3 Qc7 17. Rc1 Rad8 18. Ncd5 exd5 19. cxd5 Qd7 20. dxc6 Bxc6 21. Nd5 Nxd5 22. exd5 Bb7 23. b4 Rde8 24. Kh2 Re3 25. b5 axb5 26. Qb3 Qe7 27. Rc3 g6 28. Qxb5 Qh4 29. Kg1 Qg3 30. Rb3 Bc8 31. f5 Rfe8 32. fxg6 hxg6 33. Bf5 Qe5 34. Bxc8 Rxc8 35. Qxb6 Re2 36. Rbf3 Qxd5 37. R3f2 Rxf2 38. Rxf2 Rc1+ 39. Kh2 Qe5+ 40. g3 Rc3 41. Qd8+ Kg7 42. Qh4 d5 43. Rd2 Rc4 44. Qd8 Rd4 45. Rxd4 Qxd4 46. a4 Qf2+ 47. Kh1 Qxg3 48. Qxd5 Qxh3+ 49. Kg1 Qg4+ 50. Kh2 Qxa4 51. Qe5+ Kh7 0-1

[Event "Villa de Marin op 2nd"]
[Site "Marin"]
[Date "2002.07.20"]
[Round "5.8"]
[White "Cebrian Ramos, Jose Luis"]
[Black "Outerelo Ucha, Manuel"]
[Result "1/2-1/2"]
[WhiteElo "2066"]
[BlackElo "2181"]
[PlyCount "42"]
[EventDate "2002.07.16"]
[EventType "swiss"]
[EventRounds "9"]
[EventCountry "ESP"]
[SourceTitle "EXT 2003"]
[Source "ChessBase"]
[SourceDate "2002.11.25"]
[SourceVersion "1"]
[SourceVersionDate "2002.11.25"]
[SourceQuality "1"]

1. d4 Nf6 2. c4 g6 3. Nc3 Bg7 4. e4 d6 5. f3 0-0 6. Be3 Nbd7 7. Bd3 c5 8. Nge2 cxd4 9. Nxd4 e6 10. Qd2 d5 11. cxd5 exd5 12. exd5 Nb6 13. 0-0 Nbxd5 14. Nxd5 Nxd5 15. Bf2 Qf6 16. Be4 Nf4 17. Ne2 Nxe2+ 18. Qxe2 Bf5 19. Bxb7 Rab8 20. Qa6 Qxb2 21. Bd5 Bd4 1/2-1/2

[Event "Burgas op 11th"]
[Site "Orense"]
[Date "2002.07.13"]
[Round "8.5"]
[White "Outerelo Ucha, Manuel"]
[Black "Veingold, Aleksandr"]
[Result "0-1"]
[WhiteElo "2181"]
[BlackElo "2472"]
[PlyCount "118"]
[EventDate "2002.07.06"]
[EventType "swiss"]
[EventRounds "9"]
[EventCountry "ESP"]
[SourceTitle "CBM 089 Extra"]
[Source "ChessBase"]
[SourceDate "2002.09.10"]
[SourceVersion "2"]
[SourceVersionDate "2002.09.10"]
[SourceQuality "1"]

1. e4 c5 2. Nf3 d6 3. d4 cxd4 4. Nxd4 Nf6 5. Nc3 Nc6 6. Bg5 e6 7. Qd2 a6 8. 0-0-0 Bd7 9. Be2 Rc8 10. f4 h6 11. Bh4 Nxe4 12. Nxe4 Qxh4 13. Nf3 Qe7 14. Nxd6+ Qxd6 15. Qxd6 Bxd6 16. Rxd6 Nb4 17. Rd2 Nxa2+ 18. Kb1 Nb4 19. Ne5 Bc6 20. Nxc6 Nxc6 21. Bf3 Ke7 22. f5 Rhd8 23. Rxd8 Rxd8 24. Bxc6 bxc6 25. fxe6 fxe6 26. b3 Rd2 27. g3 h5 28. Kb2 g5 29. h4 Rd5 30. b4 a5 31. Kb3 axb4 32. Kxb4 Rb5+ 33. Ka4 Kf6 34. c4 Re5 35. Rf1+ Rf5 36. hxg5+ Kxg5 37. Re1 Kf6 38. Kb4 Rf3 39. Rh1 Kg5 40. Re1 Kf5 41. Rh1 Kg4 42. Rh4+ Kg5 43. Re4 Rxg3 44. Re5+ Kh6 45. Rxe6+ Rg6 46. Re8 Kg5 47. Kc5 h4 48. Re1 h3 49. Rg1+ Kh5 50. Rh1 Kh4 51. Kb6 Rh6 52. c5 Kg3 53. Rg1+ Kf2 54. Rh1 Kg2 55. Ra1 h2 56. Ra2+ Kf3 57. Rxh2 Rxh2 58. Kxc6 Ke4 59. Kd6 Rh6+ 0-1